The developing science and art of minerals surveying: proceedings [of the] VIth International Congress, International Society for Mine Surveying, Harrogate, 9-13 September 1985. (Record no. 96823)

MARC details
000 -LEADER
fixed length control field 03439cam a2200793 4500
001 - CONTROL NUMBER
control field D6034
008 - FIXED-LENGTH DATA ELEMENTS--GENERAL INFORMATION
fixed length control field 090401t1985 xxu||||| |||| 00| 0 eng d
035 ## - SYSTEM CONTROL NUMBER
System control number (Sirsi) u82738
041 ## - LANGUAGE CODE
Language code of text/sound track or separate title eng
050 ## - LIBRARY OF CONGRESS CALL NUMBER
Classification number 622.1
-- 18
110 ## - MAIN ENTRY--CORPORATE NAME
Corporate name or jurisdiction name as entry element International Society for Mine Surveying
9 (RLIN) 2620
245 #4 - TITLE STATEMENT
Title The developing science and art of minerals surveying: proceedings [of the] VIth International Congress, International Society for Mine Surveying, Harrogate, 9-13 September 1985.
260 ## - PUBLICATION, DISTRIBUTION, ETC.
Place of publication, distribution, etc. Rotterdam
Name of publisher, distributor, etc. A A Balkema
Date of publication, distribution, etc. 1985
300 ## - PHYSICAL DESCRIPTION
Extent 2
Type of unit v.
Other physical details ill.
Dimensions 24cm
350 ## - PRICE (NR) (BK AM CF MU VM SE) [OBSOLETE]
Price 0
505 ## - FORMATTED CONTENTS NOTE
Formatted contents note Thre development of mine surveying Czechoslovakia
505 ## - FORMATTED CONTENTS NOTE
Formatted contents note Improvement of mine surveying services in the USSR coal industry
505 ## - FORMATTED CONTENTS NOTE
Formatted contents note Execution of mining surveying operations in Ukrainian coal mines
505 ## - FORMATTED CONTENTS NOTE
Formatted contents note About the new treatment of mine surveying tasks in mine construction
505 ## - FORMATTED CONTENTS NOTE
Formatted contents note Ideas about the introduction of a uiniform international system of information
505 ## - FORMATTED CONTENTS NOTE
Formatted contents note The role of integrated geodetic/photogrammetric compleses in establishing information systems for mining
505 ## - FORMATTED CONTENTS NOTE
Formatted contents note Computers and the UK minerals surveyor
505 ## - FORMATTED CONTENTS NOTE
Formatted contents note Design of a geometry system to handle 3D mining information
505 ## - FORMATTED CONTENTS NOTE
Formatted contents note increasing efficiency of mining surveying operations on the basis of automation of measurements and data gathering
505 ## - FORMATTED CONTENTS NOTE
Formatted contents note The application of the computers to the surveying branch of the National Coal Board, western area
505 ## - FORMATTED CONTENTS NOTE
Formatted contents note Evaluation of trends in mine surveying research work in Bulgaria
505 ## - FORMATTED CONTENTS NOTE
Formatted contents note The increasing importance of mine surveying services in rational utilisation and protection of mineral deposits in the USSR
505 ## - FORMATTED CONTENTS NOTE
Formatted contents note Mine surveying services in mined chemical raw materials works
505 ## - FORMATTED CONTENTS NOTE
Formatted contents note United States mineral surveys
505 ## - FORMATTED CONTENTS NOTE
Formatted contents note The role of the mining surveyor in the measurement of the value of mines and mineral deposits
505 ## - FORMATTED CONTENTS NOTE
Formatted contents note Trends in mineral leases in the United Kingdom
505 ## - FORMATTED CONTENTS NOTE
Formatted contents note Training of mining engineers/surveyors in the Higher Institute of Mining and Geology, Sofia
505 ## - FORMATTED CONTENTS NOTE
Formatted contents note The education and training and scope of the miner surveyor
505 ## - FORMATTED CONTENTS NOTE
Formatted contents note Science and research help in the mine surveying practice
505 ## - FORMATTED CONTENTS NOTE
Formatted contents note Safety in deep mine surveying practice in the USA
505 ## - FORMATTED CONTENTS NOTE
Formatted contents note First experiences of the new Federal Mining Act in the Federal Republic of Germany in respect of mine surveying including current problems
505 ## - FORMATTED CONTENTS NOTE
Formatted contents note Impacts of the 1977 Surface Mining Act
700 ## - ADDED ENTRY--PERSONAL NAME
Personal name Malir, A.
700 ## - ADDED ENTRY--PERSONAL NAME
Personal name Navitni, A. M.
700 ## - ADDED ENTRY--PERSONAL NAME
Personal name Soschenko, A. I.
700 ## - ADDED ENTRY--PERSONAL NAME
Personal name Valkanov, N. G.
700 ## - ADDED ENTRY--PERSONAL NAME
Personal name Naidyenov, E.
700 ## - ADDED ENTRY--PERSONAL NAME
Personal name Scharf, H.
700 ## - ADDED ENTRY--PERSONAL NAME
Personal name Sarkozy, F.
700 ## - ADDED ENTRY--PERSONAL NAME
Personal name Bullock, K.
700 ## - ADDED ENTRY--PERSONAL NAME
Personal name Kavouras, K.
700 ## - ADDED ENTRY--PERSONAL NAME
Personal name Stvolkov, S. V.
700 ## - ADDED ENTRY--PERSONAL NAME
Personal name Eyre, J. M.
700 ## - ADDED ENTRY--PERSONAL NAME
Personal name Hristov, I.
700 ## - ADDED ENTRY--PERSONAL NAME
Personal name Hristov, S.
700 ## - ADDED ENTRY--PERSONAL NAME
Personal name Zimich, V. S.
700 ## - ADDED ENTRY--PERSONAL NAME
Personal name Miroshnichenko, P. Z.
700 ## - ADDED ENTRY--PERSONAL NAME
Personal name Ivanovsky, E. V.
700 ## - ADDED ENTRY--PERSONAL NAME
Personal name Campbell, H. M.
700 ## - ADDED ENTRY--PERSONAL NAME
Personal name Vincent, P.
700 ## - ADDED ENTRY--PERSONAL NAME
Personal name Jones, W. A. M.
700 ## - ADDED ENTRY--PERSONAL NAME
Personal name Smith, T.
700 ## - ADDED ENTRY--PERSONAL NAME
Personal name Veliev, K.
700 ## - ADDED ENTRY--PERSONAL NAME
Personal name Aspeling, J. F.
700 ## - ADDED ENTRY--PERSONAL NAME
Personal name Lindsey, Hugh Greville Aubrey
700 ## - ADDED ENTRY--PERSONAL NAME
Personal name Mucka, A.
700 ## - ADDED ENTRY--PERSONAL NAME
Personal name Ondrus, J.
700 ## - ADDED ENTRY--PERSONAL NAME
Personal name Owensby (Junior), H. R.
700 ## - ADDED ENTRY--PERSONAL NAME
Personal name Hart, E. F.
700 ## - ADDED ENTRY--PERSONAL NAME
Personal name Kunert, K.
700 ## - ADDED ENTRY--PERSONAL NAME
Personal name Vender, C. S.
942 ## - ADDED ENTRY ELEMENTS (KOHA)
Suppress in OPAC 0
948 ## - LOCAL PROCESSING INFORMATION (OCLC); SERIES PART DESIGNATOR (RLIN)
c (OCLC) 04/03/1997
Holdings
Withdrawn status Lost status Source of classification or shelving scheme Damaged status Not for loan Home library Current library Shelving location Date acquired Total Checkouts Full call number Barcode Date last seen Copy number Price effective from Koha item type
    Dewey Decimal Classification     London London Basement 14/09/1999   RESERVE SHELF 321 30017712 06/08/2019 1 06/08/2019 Book
    Dewey Decimal Classification     London London Basement 18/04/2008   RESERVE SHELF 321 30017716 06/08/2019 2 06/08/2019 Book